LEADER 00852nam a2200217 i 4500 001 000000049013 003 CaOOAMICUS 005 20090609000000.0 008 090609s1910 it u000 u ita u 013 $a20183 040 $aSeMil$bita 100 1 $aCapecelatro, Alfonso,$c.$0(OLS)http://semarc/name/89171 245 10$aPoveri e ricchi ; Il danaro /$cAlfonso Capecelatro. 260 $aRoma :$bDesclée & C.,$c1910. 300 $a56 p. ;$c20 cm. 650 4$aEconomia monetaria.$0(OLS)http://semarc/subject/6568 650 4$aPovertà.$0(OLS)http://semarc/subject/9084 850 $aSeMil 852 $aSeMil$W1$xVenegono$y1$m2A II 241$j15168$B15168$CSeMilBibl$Z2$F15168 $81 996 $6245$aPoveri e ricchi ; Il danaro$9(OLS)http://semarc/title/74350 996 $6260$aRoma :$bDesclée & C.$9(OLS)http://semarc/publisher/32137 LEADER 00706nam a2200193 i 4500 001 000000207588 003 CaOOAMICUS 005 20111102000000.0 008 111102s1791 it u000 u ita u 013 $a186367 026 $aeied *.** i.to Tume (3) 1791 (R) 040 $aSeMil$bita 245 10$aVol. 2. 300 $aVI, 181, [3] p. 500 $aSegn. : pigreco4 A-G12 H8. 773 0 $aVergilius Maro, Publius <70-19 a.C.>$tApologia dell'Eneide. Volume 1. [-2.].$dFirenze : per Gaetano Cambiagi stampator granducale, 1790-1791.$g2$w()25694 850 $aSeMil 852 $aSeMil$W1$xVenegono$y1$m1P IV 31 FA$j158047$B158047$CSeMilBibl$Z2$F169309 $8I 996 $6245$aVol. 2$9(OLS)http://semarc/title/13458